NFL Opening-Day Starting Quarterbacks 2022 - Statistics

General Stats
  • This quiz has been taken 19,287 times
  • The average score is 27 of 32
Answer Stats
Team Quarterback % Correct
Buccaneers Tom Brady
97%
Chiefs Patrick Mahomes
96%
Broncos Russell Wilson
96%
Bengals Joe Burrow
94%
Bills Josh Allen
94%
Packers Aaron Rodgers
93%
Cowboys Dak Prescott
92%
Ravens Lamar Jackson
91%
Rams Matthew Stafford
91%
Giants Daniel Jones
90%
Patriots Mac Jones
90%
Dolphins Tua Tagovailoa
90%
Chargers Justin Herbert
89%
Cardinals Kyler Murray
89%
Raiders Derek Carr
87%
Eagles Jalen Hurts
86%
Lions Jared Goff
86%
Bears Justin Fields
86%
Colts Matt Ryan
86%
Seahawks Geno Smith
85%
Vikings Kirk Cousins
85%
Jaguars Trevor Lawrence
85%
Panthers Baker Mayfield
82%
Titans Ryan Tannehill
79%
49ers Trey Lance
79%
Saints Jameis Winston
75%
Commanders Carson Wentz
73%
Falcons Marcus Mariota
67%
Jets Joe Flacco
65%
Steelers Mitch Trubisky
64%
Texans Davis Mills
63%
Browns Jacoby Brissett
61%
No matching quizzes found
Score Distribution
Percent of People with Each Score
Percentile by Number Answered
Your Score History
You have not taken this quiz